Eastern Utah Libraries Catalog: Duchesne, Heber, Roosevelt, & Vernal

Ghost Circus / (Record no. 412926)

MARC details
000 -LEADER
fixed length control field 02513pam a2200589 i 4500
001 - CONTROL NUMBER
control field 3502420
005 - DATE AND TIME OF LATEST TRANSACTION
control field 20251023174326.0
008 - FIXED-LENGTH DATA ELEMENTS--GENERAL INFORMATION
fixed length control field 241115s2025 nyua c 6 000 0 eng
010 ## - LIBRARY OF CONGRESS CONTROL NUMBER
LC control number 2024050435
020 ## - INTERNATIONAL STANDARD BOOK NUMBER
International Standard Book Number 9781454948285
Qualifying information (hardcover) :
Terms of availability $24.99
020 ## - INTERNATIONAL STANDARD BOOK NUMBER
International Standard Book Number 1454948280 :
Terms of availability $24.99
020 ## - INTERNATIONAL STANDARD BOOK NUMBER
International Standard Book Number 9781454948292
Qualifying information (paperback)
020 ## - INTERNATIONAL STANDARD BOOK NUMBER
Cancelled/invalid ISBN 9781454948308
Qualifying information (ebook)
035 ## - SYSTEM CONTROL NUMBER
System control number (OCoLC)1472989486
035 ## - SYSTEM CONTROL NUMBER
System control number (OCoLC)on1472989486
040 ## - CATALOGING SOURCE
Original cataloging agency DLC
Language of cataloging eng
Description conventions rda
Transcribing agency DLC
042 ## - AUTHENTICATION CODE
Authentication code pcc
-- cyac
050 00 - LIBRARY OF CONGRESS CALL NUMBER
Classification number PZ7.7.K728
Item number Gh 2025
082 00 - DEWEY DECIMAL CLASSIFICATION NUMBER
Classification number 741.5/973
Edition number 23
092 ## - LOCALLY ASSIGNED DEWEY CALL NUMBER (OCLC)
Classification number junior graphic
Item number Kress
100 1# - MAIN ENTRY--PERSONAL NAME
Personal name Kress, Adrienne,
Relator term author.
9 (RLIN) 74439
245 10 - TITLE STATEMENT
Title Ghost Circus /
Statement of responsibility, etc Adrienne Kress, Jade Zhang.
264 #1 - Production, Publication, Distribution, Manufacture, and Copyright Notice.
Place of production, publication, distribution, manufacture New York :
Name of producer, publisher, distributor, manufacturer Union Square Kids,
Date of production, publication, distribution, manufacture, or copyr 2025.
300 ## - PHYSICAL DESCRIPTION
Extent 248 pages :
Other physical details color illustrations ;
Dimensions 23 cm
336 ## - Content Type
Content type term text
336 ## - Content Type
Content type term still image
337 ## - Media type
Media type term unmediated
338 ## - Carrier type
Carrier type term volume
520 ## - SUMMARY, ETC.
Summary, etc While his body is stuck in a coma, twelve-year-old Casey's spirit works with a creepy ghost girl and her poltergeist to free the souls of the Ghost Circus and help him return to his body.
521 1# - TARGET AUDIENCE NOTE
Target audience note 8-12
Source Brodart.
521 2# - TARGET AUDIENCE NOTE
Target audience note 3-7
Source Brodart.
650 #0 - SUBJECT ADDED ENTRY--TOPICAL TERM
Topical term or geographic name as entry element Ghosts
Form subdivision Comic books, strips, etc.
9 (RLIN) 5698542
650 #0 - SUBJECT ADDED ENTRY--TOPICAL TERM
Topical term or geographic name as entry element Circus
Form subdivision Comic books, strips, etc.
9 (RLIN) 6491650
650 #0 - SUBJECT ADDED ENTRY--TOPICAL TERM
Topical term or geographic name as entry element Spirits
Form subdivision Comic books, strips, etc.
9 (RLIN) 5729948
650 #0 - SUBJECT ADDED ENTRY--TOPICAL TERM
Topical term or geographic name as entry element Poltergeists
Form subdivision Comic books, strips, etc.
9 (RLIN) 6554268
650 #1 - SUBJECT ADDED ENTRY--TOPICAL TERM
Topical term or geographic name as entry element Ghosts
Form subdivision Fiction.
9 (RLIN) 102562
650 #1 - SUBJECT ADDED ENTRY--TOPICAL TERM
Topical term or geographic name as entry element Circus
Form subdivision Fiction.
9 (RLIN) 5675959
650 #1 - SUBJECT ADDED ENTRY--TOPICAL TERM
Topical term or geographic name as entry element Spirits
Form subdivision Fiction.
9 (RLIN) 5724600
650 #1 - SUBJECT ADDED ENTRY--TOPICAL TERM
Topical term or geographic name as entry element Poltergeists
Form subdivision Fiction.
9 (RLIN) 6357622
650 #1 - SUBJECT ADDED ENTRY--TOPICAL TERM
Topical term or geographic name as entry element Graphic novels.
650 #7 - SUBJECT ADDED ENTRY--TOPICAL TERM
Topical term or geographic name as entry element JUVENILE FICTION / Comics & Graphic Novels / Fantasy.
Source of heading or term bisacsh
9 (RLIN) 5739124
650 #7 - SUBJECT ADDED ENTRY--TOPICAL TERM
Topical term or geographic name as entry element JUVENILE FICTION / Comics & Graphic Novels / Horror.
Source of heading or term bisacsh
9 (RLIN) 6018623
650 #7 - SUBJECT ADDED ENTRY--TOPICAL TERM
Topical term or geographic name as entry element JUVENILE FICTION / Comics & Graphic Novels / Paranormal.
Source of heading or term bisacsh
9 (RLIN) 6018624
655 #7 - INDEX TERM--GENRE/FORM
Genre/form data or focus term Paranormal comics.
Source of term lcgft
9 (RLIN) 5776029
655 #7 - INDEX TERM--GENRE/FORM
Genre/form data or focus term Graphic novels.
Source of term lcgft
700 1# - ADDED ENTRY--PERSONAL NAME
Personal name Zhang, Jade,
Relator term illustrator.
9 (RLIN) 6554269
942 ## - ADDED ENTRY ELEMENTS (KOHA)
Source of classification or shelving scheme Dewey Decimal Classification
Koha item type BOOK
Holdings
Withdrawn status Lost status Source of classification or shelving scheme Damaged status Not for loan Collection code Home library Current library Shelving location Date acquired Source of acquisition Total Checkouts Total Renewals Full call number Barcode Checked out Date last seen Date checked out Cost, replacement price Price effective from Koha item type
    Dewey Decimal Classification     Junior Graphic Novels Wasatch County Library Wasatch County Library First Floor 10/23/2025 Libraria 3 4 J GN Kress 34301002170910 05/02/2026 03/06/2026 03/06/2026 24.99 10/23/2025 BOOK
This project was made possible through a grant from the Institute of Museum and Library Service administered by the Utah State Library Division.

Wasatch County Library

  • 465 East 1200 South, Heber City, Utah 84032
  • Phone 435-654-1511 | Fax 435-654-6456

Hours

  • Monday - Friday 9:30 AM - 8:00 PM
  • Saturday 9:30 AM - 1:30 PM
  • Closed Sundays and Holidays